[Event "Santo Domingo Duarte Memorial 8th"]
[Site "Santo Domingo"]
[Date "2019.01.25"]
[Round "5"]
[White "Reyes Moreno, Marco Antonio"]
[Black "Crispin Ferreras, Darvi Abraham"]
[Result "0-1"]
[WhiteElo "1749"]
[BlackElo "2176"]
[PlyCount "50"]
[EventDate "2019.01.18"]
[EventType "swiss"]
[EventRounds "8"]
[EventCountry "DOM"]
[SourceTitle "CBM 188 Extra"]
[Source "ChessBase"]
[SourceDate "2019.02.26"]
[SourceVersion "1"]
[SourceVersionDate "2019.02.26"]
[SourceQuality "1"]

1. d4 Nf6 2. c4 c5 3. e3 g6 4. Nf3 Bg7 5. Nc3 0-0 6. Be2 b6 7. 0-0 Bb7 8. d5 d6 9. Qc2 e6 10. e4 e5 11. Bg5 h6 12. Bd2 Nbd7 13. Rad1 Nh5 14. g3 a6 15. Nh4 Nf4 16. Bxf4 exf4 17. Bf3 Ne5 18. Bg2 Nxc4 19. Nf3 fxg3 20. hxg3 Qf6 21. Qb3 b5 22. Rc1 Rab8 23. a4 Bc8 24. Rfe1 Bd7 25. Rc2 Na5 0-1

[Event "Santo Domingo De La Madre op"]
[Site "Santo Domingo"]
[Date "2018.06.02"]
[Round "8"]
[White "Gil Lauriano, Saury"]
[Black "Reyes Moreno, Marco Antonio"]
[Result "1-0"]
[WhiteElo "1967"]
[BlackElo "1767"]
[PlyCount "121"]
[EventDate "2018.05.18"]
[EventType "swiss"]
[EventRounds "8"]
[EventCountry "DOM"]
[SourceTitle "CBM 184 Extra"]
[Source "ChessBase"]
[SourceDate "2018.06.28"]
[SourceVersion "1"]
[SourceVersionDate "2018.06.28"]
[SourceQuality "1"]

1. e4 c5 2. Bc4 e6 3. c3 d5 4. exd5 exd5 5. Bb3 Nf6 6. Nf3 Be7 7. 0-0 0-0 8. d4 c4 9. Bc2 Bg4 10. Bf4 Nbd7 11. Nbd2 Re8 12. Re1 Nf8 13. Nf1 Ne6 14. Bd2 Bd6 15. Ne3 Bh5 16. Nf5 Qc7 17. h3 Nf4 18. Nxd6 Qxd6 19. Re5 Ne6 20. Qe2 Bg6 21. Bxg6 hxg6 22. Re1 Qd7 23. Bg5 Ne4 24. Rxe4 dxe4 25. Ne5 Qd5 26. Bc1 Rac8 27. Qxe4 Qxe4 28. Rxe4 Nf8 29. f3 f6 30. Ng4 Rxe4 31. fxe4 Re8 32. e5 Kf7 33. Kf2 Nd7 34. Bf4 b5 35. Kf3 Ke6 36. Bh2 Nb6 37. Ne3 Nd5 38. Nc2 a6 39. Ke4 Rh8 40. Bg3 f5+ 41. Kf3 g5 42. a3 f4 43. Bf2 Kf5 44. Be1 g6 45. Bf2 a5 46. Be1 Rb8 47. Bd2 Rd8 48. Be1 Nb6 49. g4+ Ke6 50. h4 gxh4 51. Bxh4 Rh8 52. Bg5 Na4 53. Bxf4 Nxb2 54. Ke4 Nd3 55. d5+ Kd7 56. e6+ Ke7 57. Nd4 Nxf4 58. Kxf4 Kd6 59. Ke4 b4 60. cxb4 axb4 61. axb4 1-0

[Event "Santo Domingo Duarte Memorial 7th"]
[Site "Santo Domingo"]
[Date "2018.01.19"]
[Round "5"]
[White "Reyes Moreno, Marco Antonio"]
[Black "Zorrilla Jimenez, Wilber Edwin"]
[Result "0-1"]
[WhiteElo "1761"]
[BlackElo "2082"]
[PlyCount "94"]
[EventDate "2018.01.12"]
[EventType "swiss"]
[EventRounds "8"]
[EventCountry "DOM"]
[SourceTitle "CBM 182 Extra"]
[Source "ChessBase"]
[SourceDate "2018.02.23"]
[SourceVersion "1"]
[SourceVersionDate "2018.02.23"]
[SourceQuality "1"]

1. e4 d6 2. d4 g6 3. Nf3 Bg7 4. Bc4 Nf6 5. Nc3 0-0 6. 0-0 c6 7. Qe2 b5 8. Bb3 a5 9. a4 b4 10. Nb1 Ba6 11. Bc4 Bxc4 12. Qxc4 Nxe4 13. d5 Nc5 14. dxc6 Nxc6 15. c3 Rc8 16. Qd5 e6 17. Qd1 Ne4 18. c4 Ne5 19. Nxe5 Bxe5 20. Qe2 Nc5 21. Be3 Nb3 22. Ra2 Qc7 23. c5 Nxc5 24. Rc1 Bg7 25. Nd2 Qb7 26. b3 Ne4 27. Rac2 Nxd2 28. Qxd2 d5 29. f4 Rxc2 30. Qxc2 Bc3 31. Qd3 Rc8 32. Rf1 Bg7 33. Bd2 Qa7+ 34. Kh1 Qd4 35. Qxd4 Bxd4 36. Rc1 Rxc1+ 37. Bxc1 f6 38. g3 e5 39. Kg2 Kf7 40. Kf3 h5 41. h3 e4+ 42. Ke2 Ke6 43. g4 Bc5 44. Bd2 d4 45. Be1 d3+ 46. Kd1 hxg4 47. hxg4 Be3 0-1

[Event "Santo Domingo Guzman Cup"]
[Site "Santo Domingo"]
[Date "2017.10.28"]
[Round "7"]
[White "Diaz, Eugenio Daniel"]
[Black "Reyes Moreno, Marco Antonio"]
[Result "1-0"]
[WhiteElo "1963"]
[BlackElo "1737"]
[PlyCount "111"]
[EventDate "2017.10.20"]
[EventType "swiss"]
[EventRounds "8"]
[EventCountry "DOM"]
[SourceTitle "CBM 181 Extra"]
[Source "ChessBase"]
[SourceDate "2017.12.12"]
[SourceVersion "1"]
[SourceVersionDate "2017.12.12"]
[SourceQuality "1"]

1. d4 d5 2. c4 c6 3. Nc3 Nf6 4. Bg5 e6 5. e3 Be7 6. Bd3 Nbd7 7. Nf3 c5 8. cxd5 Nxd5 9. Bxe7 Nxe7 10. Rc1 a6 11. Ne4 Qb6 12. Qc2 cxd4 13. Nxd4 0-0 14. Ng5 h6 15. h4 Nf6 16. Nh7 Nxh7 17. Bxh7+ Kh8 18. Bd3 Nd5 19. a3 Bd7 20. Qd2 Rac8 21. g4 f5 22. gxf5 exf5 23. Nxf5 Bxf5 24. Bxf5 Rxc1+ 25. Qxc1 Nxe3 26. Qxe3 Qa5+ 27. Kf1 Qxf5 28. Qd4 Rc8 29. Rh2 Qf3 30. Qd2 Re8 31. h5 Re5 32. Qc2 Rd5 33. Qc8+ Kh7 34. Qc2+ Rd3 35. Rh4 Qd1+ 36. Qxd1 Rxd1+ 37. Ke2 Rd6 38. Ke3 g6 39. hxg6+ Kxg6 40. f4 Kf5 41. Rh5+ Kg4 42. Re5 h5 43. Rg5+ Kh4 44. Rg7 Kh3 45. f5 h4 46. Rg6 Rd1 47. Ke2 Rd4 48. Ke3 Rd1 49. f6 Rf1 50. Ke4 Kh2 51. Ke5 Re1+ 52. Kd6 Rf1 53. Ke7 Re1+ 54. Kf8 h3 55. f7 Kh1 56. Kg7 1-0

[Event "Santo Domingo Guzman Cup"]
[Site "Santo Domingo"]
[Date "2017.10.27"]
[Round "5"]
[White "Reyes Moreno, Marco Antonio"]
[Black "Peralta Moore, Juan Antonio"]
[Result "1/2-1/2"]
[WhiteElo "1737"]
[BlackElo "1996"]
[PlyCount "59"]
[EventDate "2017.10.20"]
[EventType "swiss"]
[EventRounds "8"]
[EventCountry "DOM"]
[SourceTitle "CBM 181 Extra"]
[Source "ChessBase"]
[SourceDate "2017.12.12"]
[SourceVersion "1"]
[SourceVersionDate "2017.12.12"]
[SourceQuality "1"]

1. e4 e6 2. d4 d5 3. Nd2 c5 4. Ngf3 Nf6 5. e5 Nfd7 6. dxc5 Bxc5 7. Bd3 Nc6 8. Qe2 Qc7 9. Nb3 Be7 10. Bf4 Nb4 11. 0-0 Nxd3 12. cxd3 0-0 13. Rac1 Qb8 14. Nbd4 a6 15. Rc2 Nb6 16. Qe3 Qa7 17. Rfc1 Bd7 18. Ng5 Rfc8 19. Ngf3 Rxc2 20. Rxc2 Rc8 21. Qc1 Qb8 22. Be3 Bd8 23. Nb3 Ba4 24. Bxb6 Rxc2 25. Qxc2 Bxb6 26. d4 h6 27. Qc3 Bxb3 28. Qxb3 Qc7 29. Qd1 Qc4 30. a3 1/2-1/2

[Event "Santo Domingo U2000 op"]
[Site "Santo Domingo"]
[Date "2017.06.10"]
[Round "7"]
[White "De la Rosa, Isaias"]
[Black "Reyes Moreno, Marco Antonio"]
[Result "0-1"]
[WhiteElo "1794"]
[BlackElo "1699"]
[PlyCount "48"]
[EventDate "2017.06.02"]
[EventType "swiss"]
[EventRounds "8"]
[EventCountry "DOM"]
[SourceTitle "CBM 178 Extra"]
[Source "ChessBase"]
[SourceDate "2017.06.22"]
[SourceVersion "1"]
[SourceVersionDate "2017.06.22"]
[SourceQuality "1"]

1. c4 c5 2. Nc3 Nc6 3. g3 d6 4. Bg2 Nf6 5. e4 e6 6. Nge2 Be7 7. 0-0 0-0 8. d3 Qc7 9. h3 a6 10. Kh2 Rb8 11. a4 b6 12. Be3 Bb7 13. f4 Rbd8 14. f5 Ne5 15. fxe6 Nfg4+ 16. hxg4 Nxg4+ 17. Kg1 Nxe3 18. Qd2 Nxf1 19. exf7+ Rxf7 20. Rxf1 Rxf1+ 21. Kxf1 Qd7 22. Kg1 Bf6 23. Nf4 Bg5 24. Nce2 Rf8 0-1

[Event "Santo Domingo Autumn op"]
[Site "Santo Domingo"]
[Date "2016.10.07"]
[Round "7"]
[White "Reyes Moreno, Marco Antonio"]
[Black "Brito Cedeno, Pedro Maria"]
[Result "0-1"]
[WhiteElo "1631"]
[BlackElo "1881"]
[PlyCount "130"]
[EventDate "2016.10.07"]
[EventType "swiss"]
[EventRounds "8"]
[EventCountry "DOM"]
[SourceTitle "CBM 175 Extra"]
[Source "ChessBase"]
[SourceDate "2016.12.12"]
[SourceVersion "1"]
[SourceVersionDate "2016.12.12"]
[SourceQuality "1"]

1. d4 d5 2. Nf3 e6 3. e3 c5 4. c4 Nf6 5. Nc3 Be7 6. cxd5 Nxd5 7. Qb3 0-0 8. Be2 a6 9. 0-0 Nf6 10. dxc5 Bxc5 11. Qc2 Nbd7 12. a3 b5 13. b4 Be7 14. Bb2 Bb7 15. Rac1 Rc8 16. Rfd1 Qb6 17. Qb3 Rfd8 18. Rd3 Nf8 19. Rcd1 Ng6 20. R1d2 Rxd3 21. Rxd3 Rd8 22. Qd1 h6 23. Qd2 Qc7 24. h3 Rxd3 25. Qxd3 Qc6 26. Qd2 Nh4 27. Nxh4 Ne4 28. Nxe4 Qxe4 29. Nf3 Qb1+ 30. Ne1 Bd5 31. Qc3 f6 32. Bd3 Qd1 33. Qc2 Qxe1+ 34. Kh2 Bd6+ 35. f4 Qxe3 36. Qc8+ Bf8 37. Qc2 Qxf4+ 38. Kg1 Qe3+ 39. Kf1 Qf4+ 40. Kg1 Qg3 41. Kf1 Bxg2+ 42. Qxg2 Qxd3+ 43. Kg1 Qd1+ 44. Qf1 Qd5 45. Qf2 Bd6 46. Qe3 Qd1+ 47. Kg2 Qc2+ 48. Kf3 Kf7 49. Bd4 Qd1+ 50. Kg2 Qc2+ 51. Kf1 Qc4+ 52. Kg2 Qd5+ 53. Kg1 Qg5+ 54. Qxg5 hxg5 55. Kf2 e5 56. Bc3 Ke6 57. Kf3 f5 58. Bd2 Be7 59. Ke3 Kd5 60. Kd3 Bf6 61. Be3 e4+ 62. Kc2 f4 63. Bc5 Kc4 64. Bb6 f3 65. Be3 g6 0-1

[Event "Santo Domingo Autumn op"]
[Site "Santo Domingo"]
[Date "2016.10.07"]
[Round "4"]
[White "Reyes Moreno, Marco Antonio"]
[Black "Diaz, Eugenio Daniel"]
[Result "1/2-1/2"]
[WhiteElo "1631"]
[BlackElo "1834"]
[PlyCount "77"]
[EventDate "2016.10.07"]
[EventType "swiss"]
[EventRounds "8"]
[EventCountry "DOM"]
[SourceTitle "CBM 175 Extra"]
[Source "ChessBase"]
[SourceDate "2016.12.12"]
[SourceVersion "1"]
[SourceVersionDate "2016.12.12"]
[SourceQuality "1"]

1. d4 d5 2. Nf3 Nf6 3. e3 Bg4 4. c4 e6 5. Be2 Nbd7 6. Nc3 Be7 7. 0-0 0-0 8. Qc2 Bf5 9. Bd3 Bxd3 10. Qxd3 h6 11. e4 dxe4 12. Nxe4 Nxe4 13. Qxe4 c6 14. Bf4 Nf6 15. Qe2 c5 16. Rad1 cxd4 17. Rxd4 Qb6 18. Rd3 Rad8 19. Rfd1 Rxd3 20. Rxd3 Rd8 21. Rxd8+ Qxd8 22. h3 Bc5 23. Be5 Nd7 24. Bc3 Bd6 25. a3 Qe7 26. b4 b6 27. Nd4 Qg5 28. Bb2 Qg6 29. g3 a6 30. Kg2 h5 31. Nf3 a5 32. Bc3 Nf6 33. bxa5 bxa5 34. Bxa5 Bxa3 35. Bb6 Qb1 36. Bd4 Qe4 37. Kf1 Qb1+ 38. Kg2 Qe4 39. Kf1 1/2-1/2